000 00878cam a2200289 a 4500
001 16818748
005 20170105102349.0
008 110609s2012 nyua 001 0 eng
010 _a 2011931725
020 _a9781429224048
020 _a1429224045
040 _aDLC
_cDLC
_dDLC
042 _apcc
082 0 0 _a515
_223
100 1 _aMarsden, Jerrold E.
245 1 0 _aVector calculus
_cJerrold E. Marsden, Anthony J. Tromba.
250 _a6th ed.
260 _aNew York :
_bW.H. Freeman,
_cc2012.
300 _axxv, 545 p. :
_bill. ; 27 cm.
650 0 _aCalculus.
650 0 _aVector analysis.
700 1 _aTromba, Anthony.
906 _a7
_bcbc
_corigcop
_d3
_eepcn
_f20
_gy-gencatlg
942 _2ddc
_cBK
999 _c11844
_d11844